Principles Of Value

Bibliographic Details
Main Author: Gee, Richard
Format: Book
Published: Sarawak : Penilai Negeri , 1973
Subjects:

MARC

LEADER 00000cam a2200000 7i4500
001 0000015629
005 20060124.0
040 |a INS 
090 0 0 |a KK66 
100 1 |a Gee, Richard 
245 1 0 |a Principles Of Value   |c Richard Gee 
260 |a Sarawak :   |b Penilai Negeri ,   |c 1973 
300 |a Variouspaging :   |b ill ;   |c 30cm. 
650 0 0 |a Valuation 
999 |a KK00000200   |b BOOK   |c Course Notes   |e Default branch 
999 |a KK00000201   |b BOOK   |c Course Notes   |e Default branch